• 首页
  • 本馆介绍
  • 公告通知
  • 最新文献
  • 馆藏检索
  • 电子资源
  • 读者导购
  • 参考咨询
  • 我的图书馆
  • 登录
  • 详细信息显示
  • 放入我的书架
  • 预约/预借图书
  • 作者相关作品
  • 分类相关作品
  • 丛书相关作品
  • 出版社相关作品

书目信息

  • 表格格式
  • 工作单格式
  • 卡片格式
题名:
表演武功技巧
    
 
作者: 王云涛 著
分册:  
出版信息: 武汉   武汉大学出版社  2021.1
页数: 177页
开本: 26cm
丛书名:
单 册:
中图分类: G85
科图分类:
主题词: 武术--体育表演--教材
电子资源:
ISBN: 978-7-307-11787-7
000 00892nam0 2200253 45
001 012001001441
005 20130912114246.0
010    @a978-7-307-11787-7@dCNY29.80
099    @aCAL 012018077389
100    @a20180625d2018 em y0chiy0110 ea
101 0  @achi
102    @aCN@b420000
105    @aak a 000yy
106    @ar
200 1  @a表演武功技巧@Abiao yan wu gong ji qiao@e体育表演专业@f王云涛著
210    @a武汉@c武汉大学出版社@d2021.1
215    @a177页@c图@d26cm
320    @a有书目 (第177页)
330    @a本书对表演武功技巧进行了概述和细致分析,为表演武功技巧这门课程教学提供了有效指导,内容包括表演武功技巧起源与发展、表演武功技巧术语等。书中配有大量演示图片,体例生动活泼,对教师、学生使用教材有很大帮助。
606 0  @a武术@x体育表演@j教材
690    @aG85@v5
701  0 @a王云涛@Awang yun tao@4著
801    @aCN@b江苏凤凰@c20211018
905    @b1343513-6@dG85@e529@f4
    
    表演武功技巧:体育表演专业/王云涛著.-武汉:武汉大学出版社,2021.1
    177页:图;26cm
    
    
    ISBN 978-7-307-11787-7:CNY29.80
    本书对表演武功技巧进行了概述和细致分析,为表演武功技巧这门课程教学提供了有效指导,内容包括表演武功技巧起源与发展、表演武功技巧术语等。书中配有大量演示图片,体例生动活泼,对教师、学生使用教材有很大帮助。
●
相关链接 在E读中查询图书 在五车中查询图书 在当当中查询图书 在豆瓣中查询图书


正题名:表演武功技巧     索取号:G85/529         预约/预借

序号 登录号 条形码 馆藏地/架位号 状态 备注
1 1343513   213435139   第一样本阅览室/ [索取号:G85/529] 在馆    
2 1343514   213435148   第四借阅区/ [索取号:G85/529] 在馆    
3 1343515   213435157   第四借阅区/ [索取号:G85/529] 在馆    
4 1343516   213435166   第四借阅区/ [索取号:G85/529] 在馆    
唐山师范学院图书馆 欢迎您!
大连网信软件有限公司© 版权所有